| 000 | 00396nam a22001457a 4500 | ||
|---|---|---|---|
| 020 | _qPB. | ||
| 040 | _cFIZZA ISHAQ | ||
| 082 |
_a891.660 _bKEN |
||
| 100 |
_aKENNEDY,J.X. _9133579 |
||
| 245 |
_aLITERATURE AN INTRODUCTION TO FICTION POETRY DARAMA AND WRITING / _cX.J.KENNEDY. |
||
| 250 | _aPART 3. | ||
| 260 |
_aNEW YORK ; _bPEARSON, _c2007. |
||
| 300 |
_a2048 P. ; _c9.1X6.1IN |
||
| 942 |
_2ddc _cBK |
||
| 999 |
_c616521 _d616521 |
||